Štatistická ročenka Slovenskej republiky 2021 = Statistical Yearbook of the Slovak Republic 2021

Guardado en:
Detalles Bibliográficos
Formato: Libro
Lenguaje:eslovaco
inglés
Publicado: Bratislava : Veda, 2021
Etiquetas: Agregar Etiqueta
Sin Etiquetas, Sea el primero en etiquetar este registro!

MARC

LEADER 00000nam a22000003a 4500
001 0094669
003 SK-STU
005 20220404095508.4
007 ta
008 220404s ----xo-----e------000-0-----d
040 |a STU  |b slo 
041 0 |a slo  |a eng 
044 |a xo 
080 |a 311(437.6) 
245 1 0 |a Štatistická ročenka Slovenskej republiky 2021 = Statistical Yearbook of the Slovak Republic 2021 
260 |a Bratislava :  |b Veda,  |c 2021 
300 |a CD-ROM 
996 |b 284EO00554  |c E*O-554  |l EE0104  |s P  |a 0  |w 0094669_0001